LEADER 00916nam a2200229 u 4500 001 000000016703 003 CaOOAMICUS 005 20070226110025.0 008 940805s1958 it u000 u ita u 035 $a10390676 040 $aPUL(R)$bita 100 1 $aDi Grazia, Gennaro.$0(OLS)http://pul/name/15158 245 13$aIl protestantesimo nella storia della Chiesa /$cGennaro Di Grazia. 260 $aNapoli :$bF. Giannini,$c1958. 300 $a394, [1] p. ;$c25 cm 504 $aBibliografia in nota. 650 4$aProtestantesimo e Cattolicesimo.$0(OLS)http://pul/subject/993 850 $aPUL 852 $aPUL$W1$xDP1 Fondo Cecchetti$y53$m271 C 21$j23511$nBK-PRI$b $qFondi$B23511$CPULBib$Z2$F23511 $HPUL6323 $81 941 1 $a1 996 $6245$aIl protestantesimo nella storia della Chiesa$9(OLS)http://pul/title/23848 996 $6260$aNapoli :$bF. Giannini$9(OLS)http://pul/publisher/48694 LEADER 01332naa a2200229 u 4500 001 000000099875 003 CaOOAMICUS 005 20070226130200.0 008 051013s1979 it u000 u ita u 035 $a11063575 040 $aIAR$bita 100 1 $aViolante, Cinzio,$d1921-$0(OLS)http://pul/name/1223 245 10$aCondizioni esterne e processi costituzionali :$bNote sul "realismo" storiografico del primo Volpe /$cCinzio Violante. 260 $aBologna :$bIl Mulino,$c1979. 300 $aS. 235-254 ;$c24 cm 600 14$aVolpe, Gioacchino,$d1876-1971.$0(OLS)http://pul/subject/32068 730 0 $aAnnali dell'Istituto storico italo-germanico in Trento = Jahrbuch des Italienisch-Deutschen Historischen Instituts in Trient$g[Spogli].$0(OLS)http://pul/title/8676 773 0 $aJahrbuch des italienisch-deutschen historischen Instituts in Trient.$g4 (1978) 773 0 $aAnnali dell'Istituto storico italo.germanico in Trento.$g4 (1978) 773 0 $aIstituto storico italo-germanico.$tAnnali dell'Istituto storico italo-germanico in Trento = Jahrbuch des Italienisch-Deutschen Historischen Instituts in Trient$w()5918 996 $6245$aCondizioni esterne e processi costituzionali :$bNote sul "realismo" storiografico del primo Volpe$9(OLS)http://pul/title/126754 996 $6260$aBologna :$bIl Mulino$9(OLS)http://pul/publisher/47928